[Event "ThEM 2004"]
[Site "Bad Frankenhausen"]
[Date "2004.04.07"]
[Round "3"]
[White "Steinmetzer, Peter"]
[Black "Schorch, Rüdiger"]
[Result "1/2-1/2"]
[WhiteElo "2078"]
[BlackElo "1901"]
[PlyCount "33"]
[EventDate "2004.??.??"]
[EventRounds "9"]
[EventCountry "GER"]

1. e4 c5 2. Nf3 Nc6 3. d4 cxd4 4. Nxd4 Nf6 5. Nc3 g6 6. Be3 Bg7 7. f3 O-O 8.
Bc4 Qa5 9. Qd2 Qb4 10. Nxc6 bxc6 11. Bb3 d6 12. O-O Nd7 13. a3 Qa5 14. Bd4
Bxd4+ 15. Qxd4 Qb6 16. Rad1 Nc5 17. Na4 1/2-1/2

[Event "ThEM 2004"]
[Site "Bad Frankenhausen"]
[Date "2004.04.08"]
[Round "4"]
[White "Aepfler, Christian"]
[Black "Enders, Peter"]
[Result "1/2-1/2"]
[WhiteElo "2271"]
[BlackElo "2470"]
[PlyCount "34"]
[EventDate "2004.??.??"]
[EventRounds "9"]
[EventCountry "GER"]

1. e4 e6 2. d4 d5 3. Nd2 Nf6 4. e5 Nfd7 5. Bd3 c5 6. c3 Nc6 7. Ne2 a5 8. O-O a4
9. Kh1 a3 10. b3 cxd4 11. cxd4 Qb6 12. Nf3 Nb4 13. Bb1 Be7 14. Nc3 Qc6 15. Bd2
b6 16. Re1 Nf8 17. Re3 Ng6 1/2-1/2

[Event "ThEM 2004"]
[Site "Bad Frankenhausen"]
[Date "2004.04.08"]
[Round "4"]
[White "Buring, Matthias"]
[Black "Holzschuh, Stephan"]
[Result "1/2-1/2"]
[WhiteElo "2121"]
[BlackElo "2153"]
[PlyCount "61"]
[EventDate "2004.??.??"]
[EventRounds "9"]
[EventCountry "GER"]

1. e4 c5 2. Nf3 Nc6 3. d4 cxd4 4. Nxd4 Nf6 5. Nc3 e5 6. Ndb5 d6 7. Bg5 a6 8.
Bxf6 gxf6 9. Na3 b5 10. Nd5 f5 11. Bd3 Be6 12. c3 Bxd5 13. exd5 Ne7 14. Qb3 Bg7
15. O-O O-O 16. Kh1 Qc8 17. Rad1 Qc5 18. Nc2 f4 19. Qb4 Qc7 20. g3 Bh6 21. g4
Ng6 22. Bf5 Rab8 23. Qe4 Bg5 24. Nb4 Qb6 25. Nc6 Rb7 26. Rd3 Kg7 27. Qb4 Qc7
28. Rh3 h6 29. b3 Ne7 30. Nxe7 a5 31. Qa3 1/2-1/2

[Event "ThEM 2004"]
[Site "Bad Frankenhausen"]
[Date "2004.04.09"]
[Round "4"]
[White "Deuter, Lutz"]
[Black "Siebarth, Raiko"]
[Result "1/2-1/2"]
[WhiteElo "2070"]
[BlackElo "2123"]
[PlyCount "82"]
[EventDate "2004.??.??"]
[EventRounds "9"]
[EventCountry "GER"]

{95MB, K0F2J9} 1. e4 c5 2. Nf3 d6 3. d4 cxd4 4. Nxd4 Nf6 5. Nc3 a6 6. Be2 e5 7.
Nb3 Be7 8. O-O Nbd7 9. a4 b6 10. Bg5 Bb7 11. Nd2 O-O 12. Bxf6 Nxf6 13. Re1 Rc8
14. Bc4 Rc7 15. Qe2 Qa8 16. Bb3 Bc8 17. Rad1 Be6 18. Bc4 Bxc4 19. Nxc4 Qc6 20.
Ne3 Ra7 21. Ncd5 Nxd5 22. Nxd5 Qxa4 23. Ra1 Qd7 24. Rxa6 Rxa6 25. Qxa6 Bd8 26.
Qc4 Kh8 27. Ne3 b5 28. Qd5 Bb6 29. c3 g6 30. Rd1 Rd8 31. Ra1 Kg7 32. Rd1 Bc5
33. Qd3 Qa7 34. Qd2 Bxe3 35. Qxe3 Qxe3 36. fxe3 b4 37. cxb4 Rb8 38. Rxd6 Rxb4
39. Kf2 Rxb2+ 40. Kf3 g5 41. h3 h5 1/2-1/2

[Event "ThEM 2004"]
[Site "Bad Frankenhausen"]
[Date "2004.04.09"]
[Round "4"]
[White "Goemann, Jens"]
[Black "Stridde, Peter"]
[Result "1/2-1/2"]
[WhiteElo "2198"]
[BlackElo "2074"]
[PlyCount "49"]
[EventDate "2004.??.??"]
[EventRounds "9"]
[EventCountry "GER"]

{95MB, K0F2J9} 1. c4 Nc6 2. g3 g6 3. Bg2 Bg7 4. Nc3 d6 5. Nf3 Bd7 6. Rb1 Qc8 7.
Nd5 e6 8. Nc3 e5 9. h4 f5 10. d3 h6 11. Bd2 Nf6 12. Qc1 Ne7 13. b4 Ng4 14. b5
O-O 15. a4 c6 16. Qa3 c5 17. a5 Rb8 18. O-O Be6 19. a6 b6 20. Nh2 Nxh2 21. Kxh2
Qd7 22. f4 Kh7 23. Qb3 Rbd8 24. Nd5 Bxd5 25. Bxd5 1/2-1/2

[Event "ThEM 2004"]
[Site "Bad Frankenhausen"]
[Date "2004.04.09"]
[Round "4"]
[White "Hermann, Ingo"]
[Black "Klaus, Christian"]
[Result "1/2-1/2"]
[WhiteElo "1998"]
[BlackElo "2061"]
[PlyCount "62"]
[EventDate "2004.??.??"]
[EventRounds "9"]
[EventCountry "GER"]

{95MB, K0F2J9} 1. e4 e5 2. Nf3 d6 3. d4 Nf6 4. dxe5 Nxe4 5. exd6 Bxd6 6. Bc4
O-O 7. O-O Nc6 8. h3 Qf6 9. Bd5 Bf5 10. Nbd2 Rfe8 11. Nxe4 Bxe4 12. Be3 h6 13.
c3 Rad8 14. Kh1 Be5 15. Bxe4 Rxd1 16. Raxd1 b6 17. Nxe5 Nxe5 18. Bd4 c5 19.
Bxe5 Qxe5 20. Bf3 Qc7 21. Rd2 g6 22. Rfd1 Re7 23. g3 Kg7 24. Kg2 b5 25. a3 a5
26. Rd5 b4 27. cxb4 cxb4 28. axb4 axb4 29. b3 Qc2 30. R5d3 Ra7 31. R1d2 Qc5
1/2-1/2

[Event "ThEM 2004"]
[Site "Bad Frankenhausen"]
[Date "2004.04.08"]
[Round "4"]
[White "Missbach, Bernd"]
[Black "Kraemer, Martin"]
[Result "0-1"]
[WhiteElo "2187"]
[BlackElo "2243"]
[PlyCount "100"]
[EventDate "2004.??.??"]
[EventRounds "9"]
[EventCountry "GER"]

1. e4 c5 2. Nf3 Nc6 3. d4 cxd4 4. Nxd4 g6 5. Nc3 Bg7 6. Be3 Nf6 7. Be2 O-O 8.
Qd2 d5 9. exd5 Nxd5 10. Nxd5 Nxd4 11. Bxd4 Qxd5 12. Bxg7 Qxd2+ 13. Kxd2 Kxg7
14. Rad1 Be6 15. b3 Rfc8 16. c4 a6 17. Rc1 Rc7 18. Kc3 Rac8 19. Kb2 a5 20. Rhd1
Rc5 21. Bf3 R8c7 22. a4 Bd7 23. Rd5 Rxd5 24. Bxd5 b6 25. Kc3 Kf6 26. Bf3 e6 27.
Rd1 Ke7 28. h4 h6 29. Rd2 Be8 30. Bd1 Bc6 31. f3 Rd7 32. Rxd7+ Kxd7 33. b4 Kd6
34. c5+ bxc5 35. bxa5 Bd5 36. Be2 f5 37. g3 Bc6 38. Bd1 g5 39. f4 gxf4 40. gxf4
e5 41. fxe5+ Kxe5 42. Kc4 Kd6 43. a6 f4 44. a7 Bd5+ 45. Kb5 f3 46. a5 c4 47.
Kb4 Kc7 48. Kc3 Kb7 49. Kd4 Kxa7 50. a6 f2 0-1

[Event "ThEM 2004"]
[Site "Bad Frankenhausen"]
[Date "2004.04.09"]
[Round "4"]
[White "Moeller, Axel"]
[Black "Steinmetzer, Peter"]
[Result "1-0"]
[WhiteElo "2050"]
[BlackElo "2074"]
[PlyCount "63"]
[EventDate "2004.??.??"]
[EventRounds "9"]
[EventCountry "GER"]

{95MB, K0F2J9} 1. e4 Nf6 2. Nc3 e5 3. g3 Nc6 4. Bg2 Be7 5. Nge2 O-O 6. O-O d6
7. h3 h6 8. f4 Re8 9. d4 exd4 10. Nxd4 Nxd4 11. Qxd4 c6 12. Kh2 Qa5 13. Bd2 Qb6
14. Qd3 Nd7 15. b4 Qc7 16. Rae1 Nb6 17. a4 Be6 18. a5 Nc4 19. Bc1 Rad8 20. f5
Ne5 21. Qe3 Bc4 22. Rf2 d5 23. Ne2 Bxb4 24. c3 Bxa5 25. f6 Bb6 26. Nd4 g5 27.
Rf5 Bxd4 28. cxd4 Ng6 29. e5 Qd7 30. Qf3 Nf4 31. Rxf4 gxf4 32. Qxf4 1-0

[Event "ThEM 2004"]
[Site "Bad Frankenhausen"]
[Date "2004.04.08"]
[Round "4"]
[White "Petiko, Jakob"]
[Black "Kirste, Olaf"]
[Result "1/2-1/2"]
[WhiteElo "2160"]
[BlackElo "2066"]
[PlyCount "60"]
[EventDate "2004.??.??"]
[EventRounds "9"]
[EventCountry "GER"]

1. e4 c5 2. c4 Nc6 3. Nc3 d6 4. g3 g6 5. Bg2 Bg7 6. d3 Nh6 7. Nge2 O-O 8. O-O
f5 9. h3 Nf7 10. Be3 Nd4 11. f4 Rb8 12. Bf2 a6 13. Rb1 e5 14. Nd5 b5 15. Nxd4
exd4 16. exf5 Bxf5 17. g4 Bd7 18. b3 Re8 19. Qd2 Kh8 20. Rfe1 bxc4 21. Rxe8+
Qxe8 22. Re1 Qf8 23. bxc4 Re8 24. Bh4 Rxe1+ 25. Qxe1 g5 26. fxg5 Ne5 27. Qe4
Be8 28. Nf4 Ng6 29. Ne6 Qe7 30. Bg3 Be5 1/2-1/2

[Event "ThEM 2004"]
[Site "Bad Frankenhausen"]
[Date "2004.04.09"]
[Round "4"]
[White "Schmidt, Matthias"]
[Black "Jaesche, Thomas"]
[Result "1-0"]
[WhiteElo "2096"]
[BlackElo "1793"]
[PlyCount "97"]
[EventDate "2004.??.??"]
[EventRounds "9"]
[EventCountry "GER"]

{95MB, K0F2J9} 1. e4 e5 2. Nc3 Nf6 3. Bc4 Nc6 4. d3 Be7 5. Nf3 d6 6. h3 Be6 7.
Nd5 Na5 8. Nxe7 Qxe7 9. Bxe6 fxe6 10. c3 O-O 11. Be3 c5 12. b4 cxb4 13. cxb4
Nc6 14. Qb3 b6 15. Rc1 Rfc8 16. Qa4 Qd7 17. O-O Nd4 18. Qxd7 Nxf3+ 19. gxf3
Nxd7 20. f4 exf4 21. Bxf4 e5 22. Be3 Kf7 23. d4 Nf6 24. f3 Ke6 25. d5+ Kd7 26.
Kf2 Rxc1 27. Rxc1 Rc8 28. Rxc8 Kxc8 29. Bg5 Nh5 30. Be3 Kc7 31. h4 a6 32. Kg2
b5 33. Kh3 Nf6 34. Bg5 Ng8 35. h5 Kd7 36. Kg4 Ke8 37. f4 exf4 38. Kxf4 Kf7 39.
e5 Ne7 40. Bxe7 Kxe7 41. e6 Kf8 42. Kg5 Ke7 43. h6 g6 44. a3 Ke8 45. Kf6 Kf8
46. e7+ Ke8 47. Ke6 g5 48. Kxd6 g4 49. Ke6 1-0

[Event "ThEM 2004"]
[Site "Bad Frankenhausen"]
[Date "2004.04.09"]
[Round "4"]
[White "Schorch, Rüdiger"]
[Black "Gulich, Christian"]
[Result "1/2-1/2"]
[WhiteElo "1901"]
[BlackElo "2104"]
[PlyCount "40"]
[EventDate "2004.??.??"]
[EventRounds "9"]
[EventCountry "GER"]

{95MB, K0F2J9} 1. c4 e5 2. Nc3 Nc6 3. Nf3 Nf6 4. g3 g6 5. d4 exd4 6. Nxd4 Bg7
7. Nxc6 bxc6 8. Bg2 O-O 9. O-O Bb7 10. e4 Qe7 11. Qc2 d6 12. b3 Nd7 13. Bb2 Nc5
14. Rae1 Ne6 15. Nd5 Qd8 16. Bxg7 Nxg7 17. Nf4 Ne6 18. Nxe6 fxe6 19. e5 d5 20.
Rd1 Qe7 1/2-1/2

[Event "ThEM 2004"]
[Site "Bad Frankenhausen"]
[Date "2004.04.09"]
[Round "4"]
[White "Steinmetzer, Thomas"]
[Black "Hannes, Diana"]
[Result "1-0"]
[WhiteElo "2019"]
[BlackElo "1539"]
[PlyCount "73"]
[EventDate "2004.??.??"]
[EventRounds "9"]
[EventCountry "GER"]

1. e4 c5 2. Nf3 Nc6 3. d4 cxd4 4. Nxd4 g6 5. c4 Bg7 6. Be3 Nf6 7. Nc3 O-O 8.
Be2 d6 9. O-O Bd7 10. Rc1 Nxd4 11. Bxd4 Bc6 12. f3 a5 13. Qd2 a4 14. Qe3 Nd7
15. Nd5 Bxd4 16. Qxd4 Bxd5 17. cxd5 Nc5 18. Rc4 Qa5 19. f4 f6 20. h4 Rfc8 21.
Rfc1 Rf8 22. Kh2 Qd8 23. R1c3 Qd7 24. Rg3 f5 25. e5 Ne4 26. e6 Qe8 27. Rh3 h5
28. Rb4 Qc8 29. Rc4 Qd8 30. Rc7 Nc5 31. Bxh5 Kh7 32. Rg3 Rg8 33. Qf6 Ne4 34.
Rxe7+ Kh6 35. Qg5+ Nxg5 36. fxg5+ Kxh5 37. Rh7# 1-0

[Event "ThEM 2004"]
[Site "Bad Frankenhausen"]
[Date "2004.04.08"]
[Round "4"]
[White "Taudte, Stefan"]
[Black "Grube, Peter"]
[Result "1-0"]
[WhiteElo "2078"]
[BlackElo "1507"]
[PlyCount "69"]
[EventDate "2004.??.??"]
[EventRounds "9"]
[EventCountry "GER"]

1. d4 g6 2. c4 Bg7 3. e4 d6 4. Nc3 Nf6 5. h3 O-O 6. Bg5 Nbd7 7. Bd3 c5 8. d5 b5
9. Nxb5 Ne5 10. Ne2 Nxd3+ 11. Qxd3 Nd7 12. Qc2 a6 13. Nbc3 Ne5 14. b3 f5 15.
O-O h6 16. Be3 fxe4 17. Nxe4 Bf5 18. f4 Nd7 19. Rae1 Nf6 20. N2g3 Qd7 21. Nxf6+
Rxf6 22. Nxf5 Qxf5 23. Qxf5 Rxf5 24. g4 Rf7 25. Bd2 Re8 26. Re4 Kh7 27. Kg2
Ref8 28. Rfe1 Bf6 29. R1e2 Kg7 30. Kg3 g5 31. f5 Be5+ 32. Rxe5 dxe5 33. Rxe5
Rd8 34. Be3 Rd7 35. Bxc5 1-0

[Event "ThEM 2004"]
[Site "Bad Frankenhausen"]
[Date "2004.04.09"]
[Round "4"]
[White "Toepfer, Roland"]
[Black "Manger, Erika"]
[Result "0-1"]
[WhiteElo "1618"]
[BlackElo "1384"]
[PlyCount "100"]
[EventDate "2004.??.??"]
[EventRounds "9"]
[EventCountry "GER"]

{95MB, K0F2J9} 1. c4 c5 2. Nc3 Nc6 3. g3 g6 4. Bg2 Bg7 5. d3 e6 6. e3 Nge7 7.
Nge2 O-O 8. O-O d5 9. Rb1 d4 10. exd4 Nxd4 11. Nxd4 cxd4 12. Ne2 Rb8 13. b4 b6
14. Bf4 e5 15. Bd2 Bb7 16. a4 Bxg2 17. Kxg2 a6 18. Qc1 Qd7 19. b5 a5 20. Qa3
Rfc8 21. Rfc1 Bf8 22. Qb3 Nf5 23. Ng1 h5 24. Re1 Re8 25. Re2 Bc5 26. Rbe1 f6
27. f3 Re6 28. Nh3 Ne3+ 29. Kf2 Re7 30. Ng1 g5 31. Bxe3 dxe3+ 32. Kg2 Rbe8 33.
Rd1 Qd4 34. Rc2 g4 35. Ne2 gxf3+ 36. Kxf3 Qg4+ 37. Kg2 e4 38. Rf1 exd3 39. Qxd3
Kg7 40. Rf4 Qg6 41. Qxg6+ Kxg6 42. Kf3 Rd7 43. g4 h4 44. Rf5 Rd2 45. Rc1 Bd6
46. h3 Ra2 47. Rd5 Bc5 48. Nf4+ Kf7 49. Rd7+ Kg8 50. Nd5 Rf2# 0-1

[Event "ThEM 2004"]
[Site "Bad Frankenhausen"]
[Date "2004.04.09"]
[Round "4"]
[White "Vater, Rainer"]
[Black "Schneider, Christian"]
[Result "0-1"]
[WhiteElo "2138"]
[BlackElo "1783"]
[PlyCount "38"]
[EventDate "2004.??.??"]
[EventRounds "9"]
[EventCountry "GER"]

1. e4 c6 2. d4 d5 3. e5 Bf5 4. Nc3 e6 5. g4 Bg6 6. Nge2 c5 7. h4 h6 8. Nf4 Bh7
9. Nce2 Nc6 10. c3 cxd4 11. cxd4 Nb4 12. Nc3 Nc2+ 13. Kd2 a6 14. Rb1 Nxd4 15.
Bd3 Bxd3 16. Kxd3 Nc6 17. Qe2 Qc7 18. Re1 d4 19. Nd1 Nb4+ 0-1

[Event "ThEM 2004"]
[Site "Bad Frankenhausen"]
[Date "2004.04.09"]
[Round "5"]
[White "Enders, Peter"]
[Black "Goemann, Jens"]
[Result "1/2-1/2"]
[WhiteElo "2470"]
[BlackElo "2198"]
[PlyCount "53"]
[EventDate "2004.??.??"]
[EventRounds "9"]
[EventCountry "GER"]

1. e4 e6 2. d4 d5 3. Nc3 Nf6 4. e5 Nfd7 5. f4 c5 6. Nf3 Nc6 7. Be3 cxd4 8. Nxd4
Bc5 9. Qd2 O-O 10. O-O-O a6 11. Qf2 Bxd4 12. Bxd4 b5 13. Bd3 b4 14. Ne2 a5 15.
Bc5 Nxc5 16. Qxc5 Bb7 17. Nd4 Rc8 18. Nxc6 Rxc6 19. Qd4 f5 20. exf6 Qxf6 21.
Bb5 Rc7 22. Rhf1 Qxd4 23. Rxd4 Rf6 24. g3 Kf7 25. Re1 Ke7 26. Re3 Kd6 27. Be2
1/2-1/2

[Event "ThEM 2004"]
[Site "Bad Frankenhausen"]
[Date "2004.04.08"]
[Round "5"]
[White "Gulich, Christian"]
[Black "Seidens, Gunter"]
[Result "1/2-1/2"]
[WhiteElo "2104"]
[BlackElo "2050"]
[PlyCount "109"]
[EventDate "2004.??.??"]
[EventRounds "9"]
[EventCountry "GER"]

1. e4 d6 2. d4 Nf6 3. Nc3 g6 4. f4 Bg7 5. Nf3 O-O 6. Bd3 Nc6 7. e5 dxe5 8. dxe5
Nd5 9. Nxd5 Qxd5 10. O-O Nb4 11. Be3 Nxd3 12. Qxd3 Qxd3 13. cxd3 Bf5 14. Rfd1
Rfd8 15. Rac1 c6 16. Nd4 Bg4 17. Re1 h5 18. h3 Bc8 19. Red1 f6 20. Nf3 Bf5 21.
d4 Be6 22. a3 Rd5 23. Rc3 Rad8 24. Rdc1 Rb5 25. b4 Ra8 26. Rc5 Rxc5 27. Rxc5 a6
28. Rc2 Kf7 29. Kf2 Bh6 30. Bd2 Rd8 31. h4 Bd5 32. Be3 Bf8 33. Rb2 Ke6 34. Nd2
Ra8 35. Nb3 Kd7 36. Nc5+ Kc7 37. g3 f5 38. Bd2 e6 39. Ke3 Be7 40. a4 b6 41. Nd3
Be4 42. a5 Bxd3 43. Kxd3 Rb8 44. axb6+ Rxb6 45. Bc3 Rb5 46. Kc4 Kb7 47. Ra2 Bd8
48. Bd2 Bc7 49. Bc3 Bb6 50. Bd2 Rd5 51. Bc3 Rd8 52. Ra1 Rd7 53. Ra2 Rd5 54. Ra1
Rb5 55. Ra3 1/2-1/2

[Event "ThEM 2004"]
[Site "Bad Frankenhausen"]
[Date "2004.04.09"]
[Round "5"]
[White "Hannes, Diana"]
[Black "Vater, Rainer"]
[Result "1-0"]
[WhiteElo "1539"]
[BlackElo "2138"]
[PlyCount "208"]
[EventDate "2004.??.??"]
[EventRounds "9"]
[EventCountry "GER"]

1. e4 d5 2. exd5 Qxd5 3. Nc3 Qa5 4. d4 Nf6 5. h3 Bf5 6. Bd2 c6 7. Nf3 Nbd7 8.
Nh4 Bg6 9. Nxg6 hxg6 10. Be2 Qc7 11. Bf3 O-O-O 12. Qe2 e6 13. O-O-O Nb6 14. Be3
Nbd5 15. Nxd5 cxd5 16. Rd3 Kb8 17. Kb1 Ne8 18. Rc3 Qd7 19. Bf4+ Bd6 20. Bxd6+
Nxd6 21. Qe5 Rhg8 22. Re1 Ka8 23. Qe2 Nb5 24. Rd3 Rc8 25. c3 Rc6 26. Re3 Nd6
27. Qd1 Rgc8 28. Be2 Qc7 29. Bd3 Qa5 30. Bc2 Nc4 31. Rf3 Nd6 32. Re2 Qc7 33.
Qd2 Qb6 34. Qd1 Rxc3 35. Rxc3 Rxc3 36. Re3 Nb5 37. Bb3 Rc8 38. Rd3 Qd6 39. Ba4
a6 40. Rb3 Na7 41. Rf3 Rc7 42. Be8 Qf8 43. Ba4 Qe7 44. Qd2 Nc8 45. Bc2 Nd6 46.
Bd3 Nc4 47. Bxc4 Rxc4 48. b3 Rc8 49. Kb2 Qc7 50. Rg3 b5 51. Rf3 a5 52. a3 b4
53. a4 Qb8 54. Rxf7 Rc7 55. Rf3 Qc8 56. Rg3 Qe8 57. Qd3 Qc6 58. Qd2 Qe8 59. Qd3
e5 60. Rxg6 exd4 61. Ra6+ Kb7 62. Rxa5 Qc6 63. Qb5+ Qxb5 64. Rxb5+ Kc6 65. Rxb4
Kc5 66. Rb5+ Kd6 67. b4 d3 68. Rc5 Rb7 69. Kc3 Rxb4 70. Ra5 Ke5 71. Kxd3 Rb3+
72. Ke2 Ke4 73. Rb5 Ra3 74. Rb4+ d4 75. f3+ Kd5 76. Rb7 Ra2+ 77. Kd3 Ra3+ 78.
Ke2 Ra2+ 79. Kf1 d3 80. Rxg7 Kc4 81. Rc7+ Kd4 82. Rd7+ Kc3 83. h4 Rxa4 84. h5
Rh4 85. g4 Rh1+ 86. Kg2 Re1 87. h6 d2 88. h7 Re8 89. g5 Kc2 90. g6 Rh8 91.
Rxd2+ Kxd2 92. g7 Rxh7 93. g8=Q Rd7 94. Qg5+ Kd1 95. Kg3 Rd2 96. Qxd2+ Kxd2 97.
f4 Ke3 98. f5 Ke4 99. f6 Ke5 100. f7 Ke6 101. f8=Q Kd5 102. Qf4 Kc6 103. Qe5
Kb7 104. Qd6 Ka8 1-0

[Event "ThEM 2004"]
[Site "Bad Frankenhausen"]
[Date "2004.04.08"]
[Round "5"]
[White "Holzschuh, Stephan"]
[Black "Steinmetzer, Thomas"]
[Result "1-0"]
[WhiteElo "2153"]
[BlackElo "2019"]
[PlyCount "37"]
[EventDate "2004.??.??"]
[EventRounds "9"]
[EventCountry "GER"]

1. e4 e5 2. Nf3 Nc6 3. Bc4 Nf6 4. d3 Be7 5. O-O O-O 6. Bb3 d6 7. c3 Bg4 8. h3
Bh5 9. Nbd2 d5 10. Qe2 Re8 11. Re1 Bc5 12. Nf1 h6 13. Ng3 Bg6 14. Nh2 Qd7 15.
Qf3 dxe4 16. dxe4 Qe7 17. Nf5 Bxf5 18. Qxf5 g6 19. Qxg6+ 1-0

[Event "ThEM 2004"]
[Site "Bad Frankenhausen"]
[Date "2004.04.08"]
[Round "5"]
[White "Huster, Mike"]
[Black "Deuter, Lutz"]
[Result "0-1"]
[WhiteElo "1891"]
[BlackElo "2070"]
[PlyCount "104"]
[EventDate "2004.??.??"]
[EventRounds "9"]
[EventCountry "GER"]

1. d4 Nf6 2. Nf3 d6 3. c4 g6 4. Nc3 Bg7 5. e4 O-O 6. Be2 e5 7. O-O Nc6 8. d5
Ne7 9. b4 Ne8 10. c5 h6 11. Nd2 f5 12. f3 f4 13. Nc4 Rf7 14. Bd2 Bf8 15. Be1 g5
16. Bf2 Rg7 17. cxd6 cxd6 18. Nb5 Ng6 19. Nxa7 h5 20. Nxc8 Rxc8 21. Rc1 b5 22.
Na5 Rxc1 23. Qxc1 Nf6 24. Qc6 g4 25. Rc1 gxf3 26. Bxf3 Ng4 27. Qc8 Qg5 28. Qe6+
Kh7 29. Qf5 Qh6 30. Bh4 Ne3 31. Qg5 Nxh4 32. Qxh4 Nxg2 33. Qxh5 Nh4+ 34. Kh1
Qxh5 35. Bxh5 Kh6 36. Be2 Rg2 37. Bxb5 Rxa2 38. Bf1 Rb2 39. Nc6 Kg5 40. Nd8 Kg4
41. Ne6 Bh6 42. b5 Nf3 43. Bg2 Rxb5 44. Rf1 Nh4 45. Rg1 Nxg2 46. Kxg2 Rb2+ 47.
Kh1+ Kf3 48. h4 Kxe4 49. Rg6 f3 50. Rxh6 Ke3 51. Rf6 Rb1+ 52. Kh2 f2 0-1

[Event "ThEM 2004"]
[Site "Bad Frankenhausen"]
[Date "2004.04.08"]
[Round "5"]
[White "Jaesche, Thomas"]
[Black "Grube, Peter"]
[Result "0-1"]
[WhiteElo "1793"]
[BlackElo "1507"]
[PlyCount "94"]
[EventDate "2004.??.??"]
[EventRounds "9"]
[EventCountry "GER"]

1. e4 g6 2. d4 Bg7 3. c3 d6 4. Bd3 Nf6 5. h3 Nbd7 6. Be3 c5 7. Qb3 O-O 8. Nd2
cxd4 9. Bxd4 Nc5 10. Bxc5 dxc5 11. Bc4 Qc7 12. O-O-O a6 13. Qc2 b5 14. Be2 Be6
15. g3 Rfc8 16. f4 Qa5 17. b3 Nd7 18. Nb1 Nb6 19. h4 c4 20. b4 Qa4 21. Qb2 a5
22. e5 axb4 23. Rd2 Bf5 24. cxb4 Bxb1 25. Qxb1 c3 26. Rc2 Nc4 27. Rxc3 Na3 28.
Qb2 Nc4 29. Bxc4 Rxc4 30. Rxc4 bxc4 31. Rh2 Qa7 32. Qf2 Qa3+ 33. Kd1 Rd8+ 34.
Ke2 Qxa2+ 35. Kf3 Qb3+ 36. Kg2 Qxb4 37. Kh3 c3 38. Qc2 e6 39. Rf2 Bf8 40. Rf3
Bc5 41. Ne2 Rd2 42. Qxc3 Rxe2 43. Qa1 Re3 44. Qa8+ Kg7 45. Rxe3 Bxe3 46. Qd8
Qd4 47. h5 Qxd8 0-1

[Event "ThEM 2004"]
[Site "Bad Frankenhausen"]
[Date "2004.04.09"]
[Round "5"]
[White "Kirschbaum, Gunnar"]
[Black "Missbach, Bernd"]
[Result "1/2-1/2"]
[WhiteElo "2200"]
[BlackElo "2187"]
[PlyCount "39"]
[EventDate "2004.??.??"]
[EventRounds "9"]
[EventCountry "GER"]

1. d4 d6 2. c4 g6 3. Nc3 Bg7 4. e4 Nd7 5. f4 c5 6. d5 Ngf6 7. Nf3 O-O 8. Be2 a6
9. a4 Rb8 10. O-O Ne8 11. Be3 b6 12. Qe1 Nc7 13. Bd3 e6 14. dxe6 Nxe6 15. Qf2
Bb7 16. Rad1 Qf6 17. f5 Nd4 18. Bxd4 cxd4 19. Ne2 Nc5 20. Nfxd4 1/2-1/2

[Event "ThEM 2004"]
[Site "Bad Frankenhausen"]
[Date "2004.04.08"]
[Round "5"]
[White "Kirste, Olaf"]
[Black "Buring, Matthias"]
[Result "0-1"]
[WhiteElo "2066"]
[BlackElo "2121"]
[PlyCount "110"]
[EventDate "2004.??.??"]
[EventRounds "9"]
[EventCountry "GER"]

1. c4 Nf6 2. Nc3 g6 3. e4 d6 4. d4 Bg7 5. f3 O-O 6. Be3 Nbd7 7. Qd2 c6 8. Bd3
e5 9. Nge2 Qe7 10. O-O Re8 11. d5 Qf8 12. Rfd1 c5 13. Nb5 Rd8 14. a3 a6 15.
Nbc3 Ne8 16. b4 f5 17. Nc1 f4 18. Bf2 Bf6 19. Nb3 Be7 20. bxc5 Nxc5 21. Nxc5
dxc5 22. Rdb1 Bd6 23. Na4 Bd7 24. Nb6 Rab8 25. Qa5 g5 26. Bc2 Nf6 27. Ba4 Qe7
28. Rb3 Be8 29. Bxe8 Nxe8 30. Rab1 Qc7 31. Be1 Nf6 32. Na4 Qe7 33. Bf2 Rdc8 34.
Kf1 Kf7 35. Qb6 Nd7 36. Qa5 Bc7 37. Qd2 b6 38. Nc3 Bd6 39. Na4 Rb7 40. Qd1 Rcb8
41. Qe2 Qd8 42. Nc3 Nf6 43. a4 Qc7 44. Be1 Qd7 45. Qb2 g4 46. a5 b5 47. Nxb5
axb5 48. Rxb5 Rxb5 49. cxb5 gxf3 50. gxf3 Rg8 51. Qc3 Qh3+ 52. Ke2 Rg1 53. b6
Nxe4 54. fxe4 Qxc3 55. Bxc3 Rxb1 0-1

[Event "ThEM 2004"]
[Site "Bad Frankenhausen"]
[Date "2004.04.09"]
[Round "5"]
[White "Klaus, Christian"]
[Black "Liebisch, Dieter"]
[Result "0-1"]
[WhiteElo "2061"]
[BlackElo "1916"]
[PlyCount "158"]
[EventDate "2004.??.??"]
[EventRounds "9"]
[EventCountry "GER"]

1. e4 Nf6 2. d3 d6 3. c4 g6 4. Nc3 Bg7 5. g3 c6 6. Bg2 O-O 7. h3 Nbd7 8. Nge2
e5 9. O-O Qe7 10. f4 exf4 11. gxf4 Nh5 12. d4 Kh8 13. Rb1 a5 14. a3 Re8 15. Be3
Ndf6 16. Bf2 Rg8 17. Bh4 Qc7 18. b4 axb4 19. axb4 h6 20. b5 g5 21. fxg5 hxg5
22. Bxg5 Bxh3 23. Nf4 Bg4 24. Qd3 Nh7 25. Bh4 Nxf4 26. Rxf4 Bh6 27. Rf2 Rg7 28.
Kh1 Rag8 29. Rbf1 Qd7 30. bxc6 bxc6 31. Kh2 Bh5 32. Bh3 Bg4 33. Bg2 Bg5 34. Bg3
f6 35. Ne2 Nf8 36. Nf4 Ng6 37. Nxg6+ Rxg6 38. Qa3 Qh7+ 39. Kg1 c5 40. dxc5 dxc5
41. Qxc5 Qh6 42. Re1 Bd2 43. Rxd2 Qxd2 44. Qe3 Qd7 45. Qf4 Bh5 46. Re3 Qd4 47.
Kh2 Kh7 48. Bh3 Bg4 49. Bg2 Qd1 50. Re1 Qc2 51. Re3 Rd8 52. Re1 Rd2 53. Qf1 Be6
54. Ra1 Bd7 55. Qf3 Qb2 56. Rf1 Qd4 57. Bf2 Qxc4 58. Qe3 Rd3 59. Qf4 Qg8 60.
Rg1 Rh6+ 61. Bh4 Qg5 62. Qxg5 fxg5 63. Rf1 Rxh4+ 64. Kg1 Rg4 65. Kh1 Rd2 66.
Bf3 Rh4+ 67. Kg1 Kg6 68. e5 Be8 69. Bh1 Rxh1+ 70. Kxh1 Bc6+ 71. Kg1 Rg2+ 72.
Kh1 Rf2+ 73. Kg1 Rg2+ 74. Kh1 Kh5 75. Rf6 Be4 76. Rf8 Kg4 77. Rf1 Kg3 78. Rf6
Rh2+ 79. Kg1 Rh1# 0-1

[Event "ThEM 2004"]
[Site "Bad Frankenhausen"]
[Date "2004.04.09"]
[Round "5"]
[White "Manger, Erika"]
[Black "Taudte, Stefan"]
[Result "0-1"]
[WhiteElo "1384"]
[BlackElo "2078"]
[PlyCount "72"]
[EventDate "2004.??.??"]
[EventRounds "9"]
[EventCountry "GER"]

1. c4 g6 2. Nc3 c5 3. g3 Nc6 4. Bg2 Nf6 5. e3 d5 6. cxd5 Nb4 7. d3 Nbxd5 8.
Nxd5 Nxd5 9. Ne2 Bg7 10. O-O O-O 11. Rb1 Nb4 12. Nf4 e5 13. a3 exf4 14. axb4
fxg3 15. hxg3 cxb4 16. b3 a5 17. Bb2 Bxb2 18. Rxb2 Rb8 19. Qd2 Qe7 20. Ra1 b6
21. d4 Bb7 22. Bxb7 Rxb7 23. Rc2 Qe6 24. Qd3 Rc8 25. Rac1 Rxc2 26. Rxc2 Qd7 27.
Qe4 Rc7 28. Rxc7 Qxc7 29. Qe8+ Kg7 30. Kg2 Qd6 31. Qb5 h5 32. d5 Qc5 33. Qd7 a4
34. d6 axb3 35. Qd8 b2 36. d7 Qd5+ 0-1

[Event "ThEM 2004"]
[Site "Bad Frankenhausen"]
[Date "2004.04.08"]
[Round "5"]
[White "Schneider, Christian"]
[Black "Petiko, Jakob"]
[Result "0-1"]
[WhiteElo "1783"]
[BlackElo "2160"]
[PlyCount "64"]
[EventDate "2004.??.??"]
[EventRounds "9"]
[EventCountry "GER"]

1. d4 d6 2. e4 Nf6 3. Bd3 e5 4. c3 Nc6 5. d5 Ne7 6. Bg5 Ng6 7. Ne2 Be7 8. Bxf6
Bxf6 9. Nd2 O-O 10. O-O Bg5 11. Nf3 Bh6 12. h3 Nh4 13. Ng3 g6 14. c4 b6 15. Qe2
f5 16. Nxh4 Qxh4 17. exf5 gxf5 18. Qh5 Qxh5 19. Nxh5 f4 20. Be2 Kh8 21. Bg4
Bxg4 22. hxg4 f3 23. Ng3 fxg2 24. Kxg2 Rf4 25. b3 Rxg4 26. a4 Rag8 27. Rh1 Bf4
28. Rh3 R8g7 29. a5 e4 30. axb6 cxb6 31. Kh1 e3 32. Nh5 Be5 0-1